Click the European Capitals on a Map - Statistics

General Stats
  • This quiz has been taken 64,198 times
  • The average score is 22 of 45
Answers on the Map
Answers color-coded by a green-red scale on the quiz's map according to % correct below.
 
Answer Stats
Answer % Correct
Amsterdam
58%
Brussels
58%
Dublin
57%
Luxembourg
57%
Madrid
57%
Andorra la Vella
56%
London
56%
Bern
55%
Rome
55%
Monaco
55%
Vatican City
55%
Lisbon
54%
San Marino
54%
Paris
53%
Budapest
52%
Prague
52%
Athens
51%
Zagreb
51%
Minsk
50%
Vienna
50%
Berlin
49%
Tallinn
49%
Riga
48%
Sarajevo
48%
Tirana
48%
Belgrade
47%
Ljubljana
47%
Valletta
47%
Warsaw
47%
Chișinău
45%
Copenhagen
45%
Skopje
45%
Bratislava
43%
Oslo
43%
Podgorica
43%
Pristina
43%
Vaduz
42%
Helsinki
40%
Vilnius
40%
Kyiv
39%
Reykjavík
38%
Bucharest
37%
Sofia
37%
Stockholm
37%
Moscow
33%
No matching quizzes found
Score Distribution
Percent of People with Each Score
Percentile by Number Answered
Your Score History
You have not taken this quiz